Paris savant : Parcours et rencontres au siècle des Lumières (notice n° 2198287)
[ vue normale ]
| 000 -LEADER | |
|---|---|
| fixed length control field | 01210cam a2200133 4500500 |
| 005 - DATE AND TIME OF LATEST TRANSACTION | |
| control field | 20260405085526.0 |
| 041 ## - LANGUAGE CODE | |
| Language code of text/sound track or separate title | fre |
| 042 ## - AUTHENTICATION CODE | |
| Authentication code | dc |
| 100 10 - MAIN ENTRY--PERSONAL NAME | |
| Personal name | Belhoste, Bruno |
| Relator term | author |
| 245 00 - TITLE STATEMENT | |
| Title | Paris savant : Parcours et rencontres au siècle des Lumières |
| 260 ## - PUBLICATION, DISTRIBUTION, ETC. | |
| Name of publisher, distributor, etc. | Armand Colin,<br/> |
| Date of publication, distribution, etc. | 2022.<br/> |
| 520 ## - SUMMARY, ETC. | |
| Summary, etc. | Les savants sont partout dans le Paris des Lumières : académiciens ou curieux passionnés, austères pédagogues ou vulgarisateurs mondains… Jamais les expérimentations, les spectacles, les enseignements et les discussions scientifiques n’avaient suscité une telle passion. Paris, en ce XVIIIe siècle finissant, s’impose comme la « capitale des sciences ». Du Quartier latin à la Chaussée d’Antin, de la barrière d’Enfer au boulevard du Temple, ce livre est une délicieuse invitation à découvrir ce Paris savant. D’amphithéâtres en salons, de laboratoires en cabinets de curiosités, le lecteur croise Buffon, Condorcet, Lavoisier ou encore Diderot, mais aussi tous les autres acteurs de cette grande aventure : mécènes, inventeurs, aventuriers ou artisans… |
| 856 41 - ELECTRONIC LOCATION AND ACCESS | |
| Uniform Resource Identifier | <a href="https://shs.cairn.info/paris-savant--9782200634544?lang=fr&redirect-ssocas=7080">https://shs.cairn.info/paris-savant--9782200634544?lang=fr&redirect-ssocas=7080</a> |
Pas d'exemplaire disponible.




Réseaux sociaux